Compensation management / (Record no. 211420)
[ view plain ]
| 000 -LEADER | |
|---|---|
| fixed length control field | 00794nam a2200241Ia 4500 |
| 005 - DATE AND TIME OF LATEST TRANSACTION | |
| control field | 20220511132642.0 |
| 008 - FIXED-LENGTH DATA ELEMENTS--GENERAL INFORMATION | |
| fixed length control field | 210716s2019 xx 000 0 und d |
| 020 ## - INTERNATIONAL STANDARD BOOK NUMBER | |
| International Standard Book Number | 9789353286286 |
| 040 ## - CATALOGING SOURCE | |
| Transcribing agency | AIMIT LIBRARY |
| 041 ## - LANGUAGE CODE | |
| Language code of text/sound track or separate title | eng |
| 082 ## - DEWEY DECIMAL CLASSIFICATION NUMBER | |
| Classification number | 658.322 |
| Edition number | 1 |
| Item number | SHAR |
| 100 ## - MAIN ENTRY--PERSONAL NAME | |
| Personal name | Sharma, R C. |
| 9 (RLIN) | 36064 |
| 245 ## - TITLE STATEMENT | |
| Title | Compensation management / |
| Statement of responsibility, etc. | By R. C. Sharma and Sulabh Sharma. |
| 250 ## - EDITION STATEMENT | |
| Edition statement | 1st ed. |
| 260 ## - PUBLICATION, DISTRIBUTION, ETC. | |
| Place of publication, distribution, etc. | New Delhi : |
| Name of publisher, distributor, etc. | Sage Publications , |
| Date of publication, distribution, etc. | 2019. |
| 300 ## - PHYSICAL DESCRIPTION | |
| Extent | xx, 370p., I-5. |
| Dimensions | 24 cm. |
| 650 ## - SUBJECT ADDED ENTRY--TOPICAL TERM | |
| Topical term or geographic name entry element | Compensation Management |
| 9 (RLIN) | 36065 |
| 650 ## - SUBJECT ADDED ENTRY--TOPICAL TERM | |
| Topical term or geographic name entry element | Contingent Pay |
| 9 (RLIN) | 36066 |
| 650 ## - SUBJECT ADDED ENTRY--TOPICAL TERM | |
| Topical term or geographic name entry element | Administrating and Controlling Salary Costs and Salary Review |
| 9 (RLIN) | 36067 |
| 650 ## - SUBJECT ADDED ENTRY--TOPICAL TERM | |
| Topical term or geographic name entry element | Compensation and Reward Management |
| 9 (RLIN) | 36068 |
| 700 ## - ADDED ENTRY--PERSONAL NAME | |
| Personal name | Sharma, Sulabh. |
| 9 (RLIN) | 36069 |
| 942 ## - ADDED ENTRY ELEMENTS (KOHA) | |
| Source of classification or shelving scheme | Dewey Decimal Classification |
| Koha item type | Book |
| Edition | 1st |
| Item part | SHAR |
| Withdrawn status | Lost status | Source of classification or shelving scheme | Damaged status | Not for loan | Collection code | Home library | Current library | Date acquired | Cost, normal purchase price | Inventory number | Total Checkouts | Full call number | Barcode | Date last seen | Date last checked out | Cost, replacement price | Price effective from | Koha item type |
|---|---|---|---|---|---|---|---|---|---|---|---|---|---|---|---|---|---|---|
| Dewey Decimal Classification | MBA | St Aloysius Institute of Management & Information Technology | St Aloysius Institute of Management & Information Technology | 11/09/2010 | 595.00 | Bill no:RTPL/AIMIT/236; Bill dt: | 1 | 658.322 SHAR | MBA13989 | 05/23/2026 | 05/11/2024 | 476.00 | 07/16/2021 | Book | ||||
| Dewey Decimal Classification | MBA | St Aloysius Institute of Management & Information Technology | St Aloysius Institute of Management & Information Technology | 11/09/2010 | 595.00 | Bill no:RTPL/AIMIT/236; Bill dt: | 1 | 658.322 SHAR | MBA13990 | 05/23/2026 | 07/05/2024 | 476.00 | 07/16/2021 | Book | ||||
| Dewey Decimal Classification | MBA | St Aloysius Institute of Management & Information Technology | St Aloysius Institute of Management & Information Technology | 11/09/2010 | 595.00 | Bill no:RTPL/AIMIT/236; Bill dt: | 1 | 658.322 SHAR | MBA13991 | 05/23/2026 | 03/28/2023 | 476.00 | 07/16/2021 | Book | ||||
| Dewey Decimal Classification | MBA | St Aloysius Institute of Management & Information Technology | St Aloysius Institute of Management & Information Technology | 11/09/2010 | 595.00 | Bill no:RTPL/AIMIT/236; Bill dt: | 1 | 658.322 SHAR | MBA13992 | 05/23/2026 | 02/02/2026 | 476.00 | 07/16/2021 | Book | ||||
| Dewey Decimal Classification | MBA | St Aloysius Institute of Management & Information Technology | St Aloysius Institute of Management & Information Technology | 11/09/2010 | 595.00 | Bill no:RTPL/AIMIT/236; Bill dt: | 1 | 658.322 SHAR | MBA13993 | 05/23/2026 | 05/06/2024 | 476.00 | 07/16/2021 | Book |